Higher education administration with social media : including applications in student affairs, enrollment management, alumni relations, and career centers

Guardado en:
Detalles Bibliográficos
Otros Autores: Wankel, Laura A. (Editor), Wankel, Charles (Editor), et al (Editor)
Formato: Libro
Lenguaje:inglés
Publicado: Bingley : Emerald Group Publishing, 2011
Colección:Cutting-Edge technologies in higher education Vol. 2
Materias:
Etiquetas: Agregar Etiqueta
Sin Etiquetas, Sea el primero en etiquetar este registro!

MARC

LEADER 00000nam a22000003a 4500
001 stu262110
005 20150617225613.1
008 130204s2011----uk------------------eng-d
020 |a 978-0-85724-651-6 
040 |a STU  |b slo 
041 0 |a eng 
044 |a uk 
100 1 |a Wankel, Laura A.  |4 edt 
245 1 |a Higher education administration with social media :  |b including applications in student affairs, enrollment management, alumni relations, and career centers 
260 |a Bingley :  |b Emerald Group Publishing,  |c 2011 
300 |a 283 s 
650 7 |a sociálne médiá  |2 stusub 
650 7 |a vysokoškolské vzdelávanie  |2 stusub 
700 1 |a Wankel, Charles  |4 edt 
700 1 |a et al.  |4 edt 
830 0 |a Cutting-Edge technologies in higher education  |v Vol. 2 
996 |b 284M084753  |c M*13379-1  |l MMKN  |s A  |a 24  |w stu262110_0001